|
|
|
|
| LEADER |
00699nab a2200145 i 4500 |
| 001 |
delm60021 |
| 005 |
20180927144557.0 |
| 008 |
180927s1932 hu o 0|| hun d |
| 040 |
|
|
|a SZTE Délmagyarország Archívum
|b hun
|
| 041 |
|
|
|a hun
|
| 245 |
0 |
2 |
|a A közgyűlés felír a kormányhoz a lakbérfizetés megkönnyítése érdekében és moratóriumot kér a munkanélküliek lakbérhátralékaira
|h [elektronikus dokumentum] :
|b a törvényhatóság tiltakozik a paprikaboletta ellen : "nem a nők elbocsájtásával kell kezdeni az álláshalmozók elleni harcot" : véget ért a januári közgyűlés
|
| 260 |
|
|
|c 1932-01-31
|
| 300 |
|
|
|a 1-2
|
| 490 |
0 |
|
|a Délmagyarország
|v 8 No. 25
|
| 695 |
|
|
|a Közgyűlés Szeged
|